স্নাতক প্রাণিবিজ্ঞান / (Record no. 49113)
[ view plain ]
| 000 -LEADER | |
|---|---|
| fixed length control field | 01165nam a22003017a 4500 |
| 001 - CONTROL NUMBER | |
| control field | 49113 |
| 003 - CONTROL NUMBER IDENTIFIER | |
| rucl marc code | BD-RjUL |
| 005 - DATE AND TIME OF LATEST TRANSACTION | |
| control field | 20211209054633.0 |
| 008 - FIXED-LENGTH DATA ELEMENTS--GENERAL INFORMATION | |
| fixed length control field | 160817s1982 bg ||||| |||| 00| 0 ben d |
| 020 ## - INTERNATIONAL STANDARD BOOK NUMBER | |
| Terms of availability | : TK 100.00 |
| 035 ## - SYSTEM CONTROL NUMBER | |
| System control number | (BD-RjUL)49232 |
| 040 ## - CATALOGING SOURCE | |
| Original cataloging agency | BD-RjUL |
| Language of cataloging | ben |
| Transcribing agency | BD-RjUL |
| 041 ## - LANGUAGE CODE | |
| Language code of text/sound track or separate title | ben |
| 082 ## - DEWEY DECIMAL CLASSIFICATION NUMBER | |
| Edition number | 23 |
| Classification number | 591 |
| Author mark and year | SNA 1982 |
| 245 00 - TITLE STATEMENT | |
| Title | স্নাতক প্রাণিবিজ্ঞান / |
| 260 ## - PUBLICATION, DISTRIBUTION, ETC. (IMPRINT) | |
| Place of publication, distribution, etc. | ঢাকা : |
| Name of publisher, distributor, etc. | হাসান বুক, |
| Date of publication, distribution, etc. | ১৯৮২ |
| 300 ## - PHYSICAL DESCRIPTION | |
| Pagination | খণ্ড : |
| Illustrations | চিত্র ; |
| Size | ১৭ সেমি. |
| 505 ## - FORMATTED CONTENTS NOTE | |
| Formatted contents note | খণ্ড ২ কর্ডাটা -- |
| 650 ## - SUBJECT ADDED ENTRY--TOPICAL TERM | |
| Topical term or geographic name as entry element | প্রাণিবিজ্ঞান |
| 9 (RLIN) | 147711 |
| Topical term or geographic name as entry element | Zoology |
| 9 (RLIN) | 147712 |
| 700 ## - ADDED ENTRY--PERSONAL NAME | |
| Personal name | আমীন, মাহইমুদ-উল |
| Personal name | খান, আবদুল গফুর |
| Personal name | মোস্তফা, গোলাম |
| Personal name | রহমান, হাবিবুর |
| Personal name | রায়, শ্যামা প্রসাদ |
| Personal name | চন্দ্র, তেজেন্দ্র কুমার |
| 942 ## - ADDED ENTRY ELEMENTS (KOHA) | |
| Source of classification or shelving scheme | Dewey Decimal Classification |
| Koha item type | Books |
| Lost status | Source of classification or shelving scheme | Damaged status | Not for loan | Collection code | Permanent Location | Current Location | Shelving location | Date acquired | Source of acquisition | Cost, normal purchase price | Total Checkouts | Full call number | Date last seen | Date checked out | Copy number | Koha item type |
|---|---|---|---|---|---|---|---|---|---|---|---|---|---|---|---|---|
| Dewey Decimal Classification | Non-fiction | Central Library, University of Rajshahi | Central Library, University of Rajshahi | 29/08/1984 | Impirial books,Rajshahi | 100.00 | 1 | B 591 SNA V-2 1982 | 12/12/2022 | 28/11/2022 | C-2 | Books | ||||
| Dewey Decimal Classification | Non-fiction | Central Library, University of Rajshahi | Central Library, University of Rajshahi | 29/08/1984 | Impirial books,Rajshahi | 100.00 | 3 | B 591 SNA V-2 1982 | 28/12/2021 | 27/12/2021 | C-3 | Books | ||||
| Dewey Decimal Classification | Not For Loan | Non-fiction | Central Library, University of Rajshahi | Central Library, University of Rajshahi | Reading Room | 29/05/1984 | Eureka book agency | 100.00 | B 591 SNA V-2 1982 | 23/04/2017 | C-1 | Books |